| 000 | 00723nam a22001577a 4500 | ||
|---|---|---|---|
| 003 | OSt | ||
| 005 | 20150919094951.0 | ||
| 008 | 150919b xxu||||| |||| 00| 0 eng d | ||
| 040 | _cRUA | ||
| 082 | _aAGR HEM 2004 B031 Or.1 | ||
| 100 |
_9825 _aHEM, SINAN. |
||
| 245 | _aThe study to change farmer livelihood of the FAO three targets villages in somrong district takeo province ការសិក្សាដើម្បីកែលំអជីវភាពកសិករនៅភូមិគោលដៅបី របស់អង្គការហ្វាវ ក្នុងស្រុកសំរោង ខេត្តតាកែវ | ||
| 260 |
_aPhnom Penh _bRUA _c2004 |
||
| 300 |
_a61p. _bill. _c29cm. |
||
| 942 |
_2ddc _cAGR |
||
| 999 |
_c795 _d795 |
||